<The> Risk factors of the phrase true and fair view of the facts in accounting versus European Regulation 2013/34/EU and Slovak accounting legislation

Zameranie sa na dôležitosť pravdivých a čestných účtovných informácií pre rozhodnutie vedenia, ktoré sa realizujú na základe účtovných informácií z finančných výkazov. Porovnanie významov "pravdivý" a "čestný" v zákonoch o účtovníctve v SR a v EÚ. Analýza rizikových faktorov výrazov "pravdivý" a "če...

Ausführliche Beschreibung

Gespeichert in:
Bibliographische Detailangaben
1. Verfasser: Hunyady, Katarína
Weitere Verfasser: Domaracká, Denisa
Format: Buchkapitel
Sprache:Englisch
Schlagworte:
Tags: Tag hinzufügen
Keine Tags, Fügen Sie das erste Tag hinzu!

MARC

LEADER 00000nla a2200000 4500
001 0227768
005 20240502083613.2
041 0 |a eng 
044 |a CZ 
245 1 0 |a <The> Risk factors of the phrase true and fair view of the facts in accounting versus European Regulation 2013/34/EU and Slovak accounting legislation  |c Katarína Hunyady, Denisa Domaracká 
520 |a Zameranie sa na dôležitosť pravdivých a čestných účtovných informácií pre rozhodnutie vedenia, ktoré sa realizujú na základe účtovných informácií z finančných výkazov. Porovnanie významov "pravdivý" a "čestný" v zákonoch o účtovníctve v SR a v EÚ. Analýza rizikových faktorov výrazov "pravdivý" a "čestný" a ich negatívny dopad na praktickú činnosť účtovníkov a audítorov. 
610 2 0 |a dokumentácia účtovná 
610 2 0 |a štandardy účtovné medzinárodné 
610 2 0 |a vedenie účtovníctva 
610 2 0 |a výkazy účtovné 
610 2 0 |a teória účtovníctva 
100 1 |a Hunyady, Katarína 
700 1 |a Domaracká, Denisa